Guia de serveis i equipaments / Servei de Parcs Naturals
Descripción Física:
63 p. : il. ; 30 cm
Materias:
Espais naturals -- Guies
MARC
| LEADER | 00000nam a2200000Ia 4500 | ||
|---|---|---|---|
| 001 | 12377 | ||
| 008 | 160829s9999 xx 000 0 cat d | ||
| 080 | |a C-2-7 | ||
| 110 | |a Barcelona (Catalunya : Província). |b Servei de Parcs Naturals |9 53492 | ||
| 245 | |a Guia de serveis i equipaments / Servei de Parcs Naturals | ||
| 260 | |a Barcelona : |b Diputació de Barcelona. Servei de Parcs Naturals, [1999] | ||
| 300 | |a 63 p. : |b il. ; |c 30 cm | ||
| 590 | |a És una prova d'edició, amb notes manuscrites als marges | ||
| 650 | |a Espais naturals |x Guies |9 37126 | ||
| 901 | |a Arxiu | ||
| 942 | |n 1 | ||
| 952 | |0 0 |1 0 |4 0 |6 C27 |7 1 |9 47683 |a Arxiu |b Arxiu |d 2016-12-01 |l 0 |o C-2-7 |p 12377 |r 2016-12-01 00:00:00 |w 2016-12-01 |y ARXIU | ||
| 999 | |c 51482 |d 51482 | ||